书目信息 |
| 题名: |
微机汉字管理程序选
|
|
| 作者: | 王拈生 , 陈建华 编 | |
| 分册: | ||
| 出版信息: | 北京 清华大学出版社 1988 |
|
| 页数: | 407页 | |
| 开本: | 19cm | |
| 丛书名: | 计算机管理丛书 | |
| 单 册: | ||
| 中图分类: | TP319 | |
| 科图分类: | ||
| 主题词: | 微型计算机--汉字信息处理系统--管理程序 | |
| 电子资源: | ||
| ISBN: | 7-302-00183-9 | |
| 000 | 00773nam2 2200265 450 | |
| 001 | 0100260941 | |
| 005 | 20020928000000.0 | |
| 010 | @a7-302-00183-9@dCNY3.50 | |
| 011 | @a7-302-00183-9 | |
| 100 | @a19980922d1988 em y0chiy0110 ea | |
| 101 | 0 | @achi |
| 102 | @aCN@b110000 | |
| 105 | @ay z 000yy | |
| 106 | @ar | |
| 200 | 1 | @a微机汉字管理程序选@9Wei Ji Han Zi Guan Li Cheng Xu Xuan @f王拈生,陈建华编@b专著 |
| 210 | @a北京@c清华大学出版社@d1988 | |
| 215 | @a407页@d19cm | |
| 225 | 2 | @a计算机管理丛书 |
| 410 | 0 | @12001 @a计算机管理丛书 |
| 606 | 0 | @a微型计算机@x汉字信息处理系统@x管理程序 |
| 690 | @aTP319@v3 | |
| 701 | 0 | @a王拈生@9wang nian sheng@4编 |
| 701 | 0 | @a陈建华@9chen jian hua@4编 |
| 801 | 0 | @aCN@bAiZhiMarc |
| 905 | @aBZT@dTP319@e110@f1@sTP319/110 | |
| 微机汉字管理程序选/王拈生,陈建华编.-北京:清华大学出版社,1988 |
| 407页;19cm.-(计算机管理丛书) |
| ISBN 7-302-00183-9:CNY3.50 |
| ● |
| 相关链接 |
|
|
|
正题名:微机汉字管理程序选
索取号:TP319/110
 
预约/预借
| 序号 | 登录号 | 条形码 | 馆藏地/架位号 | 状态 | 备注 |
| 1 | 2000105519 | 2000105519 | 旧书回溯/ [索取号:TP319/110] | 在馆 |